| 000 | 00939nam a22002535a 4500 | ||
|---|---|---|---|
| 003 | OSt | ||
| 005 | 20170225100337.0 | ||
| 008 | 160828s2015 ua frb 000 0 ara d | ||
| 015 | _a2015 / 11148 | ||
| 040 |
_aEG-ScBUE _bara _cEG-ScBUE |
||
| 082 | 0 | 4 |
_a340.59 _bج ن د _222 |
| 100 | 1 | _aجندي، محمد الشحات. | |
| 245 | 1 | 0 |
_aعقد المرابحة بين الفقه الإسلامي والتعامل المصرفي / _cتأليف محمد الشحات الجندي. |
| 250 | _aط. 3. | ||
| 260 |
_aالقاهرة : _bدار النهضة العربية، _c2015. |
||
| 300 |
_a226 ص. ؛ _c24 سم. |
||
| 504 | _aيشتمل على إرجاعات ببليوجرافية. | ||
| 650 | 7 |
_aالمرابحة (فقه إسلامي) _2BUEsh |
|
| 650 | 7 |
_aالبيع (فقه إسلامي) _2BUEsh |
|
| 650 | 7 |
_aالعقود (فقه إسلامي) _2BUEsh _940834 |
|
| 651 | _2BUEsh | ||
| 653 |
_bLLAAWW _cFebruary2017 |
||
| 942 | _2ddc | ||
| 999 |
_c24244 _d24216 |
||